All about sound / (Record no. 1219)

MARC details
000 -LEADER
fixed length control field 00823cam a22002774a 4500
005 - DATE AND TIME OF LATEST TRANSACTION
control field 20230808142218.0
020 ## - INTERNATIONAL STANDARD BOOK NUMBER
International Standard Book Number 0516236091
040 ## - CATALOGING SOURCE
Original cataloging agency DLC
Transcribing agency DLC
Modifying agency DLC
Language of cataloging eng
050 00 - LIBRARY OF CONGRESS CALL NUMBER
Classification number QC225.5
Item number .T78 2004
082 00 - DEWEY DECIMAL CLASSIFICATION NUMBER
Classification number 534/.078
Edition number 22
100 1# - MAIN ENTRY--PERSONAL NAME
Personal name Trumbauer, Lisa,
Dates associated with a name 1963-
245 10 - TITLE STATEMENT
Title All about sound /
Statement of responsibility, etc. by Lisa Trumbauer.
260 ## - PUBLICATION, DISTRIBUTION, ETC.
Place of publication, distribution, etc. New York :
Name of publisher, distributor, etc. Children's Press,
Date of publication, distribution, etc. 2004.
300 ## - PHYSICAL DESCRIPTION
Extent 31 pages :
Other physical details color illustrations ;
Dimensions 19 cm.
500 ## - GENERAL NOTE
General note Includes index.
505 ## - FORMATTED CONTENTS NOTE
Formatted contents note F
520 ## - SUMMARY, ETC.
Summary, etc. An introduction to the sources and characteristics of sound.
521 ## - TARGET AUDIENCE NOTE
Target audience note 400 <br/>
Source Lexile
521 ## - TARGET AUDIENCE NOTE
Target audience note F <br/>
Source Raz-Plus
650 #0 - SUBJECT ADDED ENTRY--TOPICAL TERM
Topical term or geographic name entry element Sound
Form subdivision Juvenile literature.
650 #1 - SUBJECT ADDED ENTRY--TOPICAL TERM
Topical term or geographic name entry element Sound.
906 ## - LOCAL DATA ELEMENT F, LDF (RLIN)
a 7
b cbc
c orignew
d 1
e ecip
f 20
g y-gencatlg
942 ## - ADDED ENTRY ELEMENTS (KOHA)
Source of classification or shelving scheme Dewey Decimal Classification
Koha item type Books
Suppress in OPAC No
999 ## -
-- 1219
-- 1219
Holdings
Withdrawn status Lost status Source of classification or shelving scheme Damaged status Not for loan Collection Home library Current library Shelving location Date acquired Total Checkouts Full call number Barcode Date last seen Date last checked out Price effective from Koha item type
    Dewey Decimal Classification     Non-Fiction Footprints International School Library Network Toul Kork Campus Footprints International School Library Network Toul Kork Campus TK Primary Library Room(4th Floor), Bookcase 1&2, Shelves 1-16, Dark Blue Books 08/08/2023 3 TRU 534.078 QC225.T78 FISBK02070 04/30/2025 04/23/2025 08/08/2023 Books